Score 0/180 Timer 09:00
0 Plays Today
Four-Word Movies % Correct
Cameron Diaz
100%
James Dean
100%
1998
100%
Michael J. Fox
100%
1985
100%
Tom Cruise
100%
1992
100%
Judy Garland
100%
1939
100%
Leonardo DiCaprio
100%
2002
100%
Daniel Day-Lewis
100%
2007
100%
Julie Andrews
100%
1965
100%
James Stewart
100%
1946
100%
Samuel L Jackson
100%
2006
100%
Meryl Streep
100%
2006
100%
1955
100%
Bob Hoskins
100%
1988
100%
Gene Kelly
100%
1952
100%
Marilyn Monroe
100%
1959
100%
Robert Redford
100%
1976
100%
Al Pacino
100%
1992
100%
Jim Carrey
100%
1999
100%
Gregory Peck
100%
1962
100%
Meg Ryan
100%
1989
100%
Ben Stiller
100%
2006
100%
Morgan Freeman
100%
2005
100%
Clint Eastwood
100%
1964
100%
Jeff Bridges
100%
1971
100%
Sean Connery
100%
1963
100%
A. Schwarzenegger
100%
1991
100%
Vivien Leigh
100%
1939
100%
Steve Martin
100%
1991
100%
Clark Gable
100%
1934
100%
Julia Roberts
100%
1991
100%
Christian Bale
100%
2012
100%
Four-Word Movies % Correct
2:
93.1%
The
93.1%
A
93.1%
The
93.1%
The
93.1%
A
93.1%
A
93.1%
The
93.1%
A
93.1%
The
93.1%
The
93.1%
A
93.1%
The
93.1%
A
93.1%
The
93.1%
A
93.1%
The
93.1%
The
93.1%
The
93.1%
The
93.1%
The
93.1%
The
93.1%
Of
88.3%
Of
88.3%
Of
88.3%
Of
88.3%
Of
88.3%
Of
88.3%
Of
88.3%
To
87.2%
To
87.2%
Terminator
84.8%
Back
82.6%
Future
82.4%
It
80.3%
It
80.3%
Some
79.7%
With
77.6%
With
77.6%
With
77.6%
On
77%
On
77%
Wizard
76.7%
Oz
76.6%
There
76.3%
Like
75.1%
Hot
74.7%
In
74.3%
Dark
74%
Knight
73.9%
Sound
73.7%
Music
73.7%
Be
71.6%
Rises
70.4%
Night
68.6%
Night
68.6%
Day
68.6%
About
67.2%
Mary
67.1%
Kill
67.1%
Four-Word Movies % Correct
Will
66.9%
Something
66.9%
Mockingbird
66.6%
There's
66.5%
At
66.3%
Blood
65.3%
Judgment
65%
Museum
64.9%
Gone
62.4%
Wind
62.3%
Without
61.4%
Rebel
61.3%
Cause
61.3%
Rain
61.2%
Woman
61.1%
Singin'
61%
Plane
60.7%
Snakes
60.6%
Scent
58.9%
Men
57.7%
Men
57.7%
One
57%
Good
56%
Life
55.1%
Few
54.4%
It's
53.9%
Happened
53.9%
When
53.6%
Wonderful
53.4%
Love
51.9%
Harry
49.5%
Met
49.4%
Sally
49.4%
Man
49%
From
48%
Russia
45.9%
Who
45.1%
Devil
45.1%
Prada
44.8%
Wears
44.8%
Bride
43.5%
Father
43.4%
Moon
42.7%
Rabbit
41%
Dollars
41%
Roger
40.9%
Fistful
40.8%
Framed
40.4%
All
40.2%
New
35.4%
President's
35.1%
York
34.5%
Gangs
34.4%
Enemy
33.8%
Sleeping
33.8%
Last
25.6%
March (War)
23.6%
Penguins (Worlds)
22.8%
Show
17.1%
Picture
16.1%
Remove Ads.
Support Sporcle.
Get the best of Sporcle when you Go Orange. This ad-free experience offers more features, more stats, and more fun while also helping to support Sporcle. Thank you for becoming a member.

You're not logged in!

Compare scores with friends on all Sporcle quizzes.
OR
Log In

Show Comments

Extras

Top Quizzes Today


Score Distribution

Your Account Isn't Verified!

In order to create a playlist on Sporcle, you need to verify the email address you used during registration. Go to your Sporcle Settings to finish the process.

Report this User

Report this user for behavior that violates our Community Guidelines.

Details: